IR35 : personal service companies. (Record no. 100878)
[ view plain ]
| 000 -LEADER | |
|---|---|
| fixed length control field | 00949cam a2200241 4500 |
| 008 - FIXED-LENGTH DATA ELEMENTS--GENERAL INFORMATION | |
| fixed length control field | 000000n2000 000 0 eng u |
| 020 ## - INTERNATIONAL STANDARD BOOK NUMBER | |
| International Standard Book Number | 1841400955 |
| 035 ## - SYSTEM CONTROL NUMBER | |
| System control number | (Sirsi) u109063 |
| 050 ## - LIBRARY OF CONGRESS CALL NUMBER | |
| Classification number | 336.2 |
| 100 ## - MAIN ENTRY--PERSONAL NAME | |
| Personal name | Redston, Anne |
| 245 ## - TITLE STATEMENT | |
| Title | IR35 : personal service companies. |
| 260 ## - PUBLICATION, DISTRIBUTION, ETC. | |
| Place of publication, distribution, etc. | London |
| Name of publisher, distributor, etc. | ABG Publications |
| Date of publication, distribution, etc. | 2000 |
| 300 ## - PHYSICAL DESCRIPTION | |
| Extent | xxxviii, 434p. ; 24cm. |
| 350 ## - PRICE (NR) (BK AM CF MU VM SE) [OBSOLETE] | |
| Price | 49.50 |
| 520 ## - SUMMARY, ETC. | |
| Summary, etc. | It is estimated that over 100,000 individuals will be affected by the new tax rules on personal service companies, not only those with personal service companies but also some partnerships. This book is a guide to IR35, clarifying the legislation and providing advice on how to fully comply with the new rules and avoid the potential pitfalls. |
| 650 ## - SUBJECT ADDED ENTRY--TOPICAL TERM | |
| Topical term or geographic name entry element | IR35 |
| 650 ## - SUBJECT ADDED ENTRY--TOPICAL TERM | |
| Topical term or geographic name entry element | CORPORATION TAX |
| 650 ## - SUBJECT ADDED ENTRY--TOPICAL TERM | |
| Topical term or geographic name entry element | PARTNERSHIP TAXATION |
| 650 ## - SUBJECT ADDED ENTRY--TOPICAL TERM | |
| Topical term or geographic name entry element | PERSONAL SERVICE COMPANIES |
| 650 ## - SUBJECT ADDED ENTRY--TOPICAL TERM | |
| Topical term or geographic name entry element | COMPANY ACCOUNTS |
| 690 ## - LOCAL SUBJECT ADDED ENTRY--TOPICAL TERM (OCLC, RLIN) | |
| Topical term or geographic name as entry element | TAXATION |
| 942 ## - ADDED ENTRY ELEMENTS (KOHA) | |
| Suppress in OPAC | 0 |
| Withdrawn status | Lost status | Source of classification or shelving scheme | Damaged status | Not for loan | Home library | Current library | Shelving location | Date acquired | Cost, normal purchase price | Total Checkouts | Full call number | Barcode | Date last seen | Date last checked out | Copy number | Cost, replacement price | Price effective from | Koha item type |
|---|---|---|---|---|---|---|---|---|---|---|---|---|---|---|---|---|---|---|
| Dewey Decimal Classification | London | London | Books | 22/11/2000 | 42.07 | 3 | 336.2 RED | 30062808 | 06/08/2019 | 18/05/2001 | 1 | 42.07 | 06/08/2019 | Book |